Leo, pero no comprendo: estrategias de comprensión lectora

Salvato in:
Dettagli Bibliografici
Autori principali: Cubo de Severino, Liliana (Autore), Castro de Castillo, Ester (Autore), Duo de Brottier, Ofelia (Autore), Ejarque, Delia (Autore), Lacon de De Lucía, Nelsi (Autore), Müller de Russo, Gisela (Autore), Prestinoni de Bellora, Clara (Autore), Puiatti de Gómez, Hilda (Autore), Sacerdote, Carolina Ana (Autore), Salvo de Vargas, María Estela (Autore), Tamola de Spiegel, Diana (Autore), Vega, Ana María (Autore)
Natura: Libro
Lingua:spagnolo
Pubblicazione: Mendoza Ex-Libris 2002
Edizione:3a. ed
Soggetti:
Tags: Aggiungi Tag
Nessun Tag, puoi essere il primo ad aggiungerne!!

MARC

LEADER 00000nam a2200000 a 4500
001 UCL0185
003 CL-VaPUC
008 030627e20020000AG |||||||||||||||||spa|d
082 0 4 |a 372.47  |b CUB  |2 21 
100 0 |a Cubo de Severino, Liliana  |e author  |9 476969 
700 0 |a Castro de Castillo, Ester  |e author  |9 476970 
700 0 |a Duo de Brottier, Ofelia  |e author  |9 476971 
700 0 |a Ejarque, Delia  |e author  |9 476972 
700 |a Lacon de De Lucía, Nelsi  |e author  |9 486624 
700 0 |a Müller de Russo, Gisela  |e author  |9 476974 
700 0 |a Prestinoni de Bellora, Clara  |e author  |9 476975 
700 0 |a Puiatti de Gómez, Hilda  |e author  |9 476976 
700 0 |a Sacerdote, Carolina Ana  |e author  |9 476977 
700 0 |a Salvo de Vargas, María Estela  |e author  |9 476978 
700 0 |a Tamola de Spiegel, Diana  |e author  |9 476979 
700 0 |a Vega, Ana María  |e author  |9 476980 
245 1 0 |a Leo, pero no comprendo: estrategias de comprensión lectora 
250 |a 3a. ed 
300 |a 336 p 
942 |c BK 
945 |d 20030627 00:00:00  |a cmena 
260 |a Mendoza  |b Ex-Libris  |c 2002 
650 0 |a Enseñanza de la lectura  |9 308364 
650 0 |a Métodos de enseñanza  |9 270413 
650 0 |a Comprensión de lectura  |9 307588 
650 0 |a Educación básica   |9 224933 
583 |a last modification  |c 20030627 00:00:00  |k Rodrigo Vera 
999 |c 304203  |d 304201 
952 |0 0  |1 0  |4 0  |6 372_470000000000000_CUB_2002  |7 0  |8 A  |9 366094  |a BIBEDU  |b BIBEDU  |d 2019-11-21  |i 391836K  |l 4  |o 372.47 CUB 2002  |p 391836K  |r 2023-05-10  |s 2023-05-03  |w 2019-11-21  |y BK  |k EPE